Electrical installation work (Record no. 30747)

MARC details
000 -LEADER
fixed length control field 00287nam a2200121Ia 4500
082 ## - DEWEY DECIMAL CLASSIFICATION NUMBER
Classification number 696.6
Item number FRA
100 ## - MAIN ENTRY--AUTHOR NAME
Personal name Francis, T G
245 #0 - TITLE STATEMENT
Title Electrical installation work
250 ## - EDITION STATEMENT
Edition statement Ed.5
260 ## - PUBLICATION, DISTRIBUTION, ETC. (IMPRINT)
Place of publication London
Name of publisher Longman
Year of publication 1971
942 ## - ADDED ENTRY ELEMENTS (KOHA)
Koha item type Books
Holdings
Withdrawn status Lost status Damaged status Not for loan Home library Current library Date acquired Cost, normal purchase price Full call number Accession Number Koha item type
        RRII Library RRII Library 16/12/2021 1.15 696.6 FRA 11314 Books